Особенности механизма высокотемпературного разрушения углепластиков в потоке плазмы; Фундаментальные и прикладные проблемы современной механики

Sonraí bibleagrafaíochta
Parent link:Фундаментальные и прикладные проблемы современной механики.— 2006.— С. 120-121
Rannpháirtithe: Кузнецов Г. В. Гений Владимирович, Немова Т. Н., Притворов Г. В., Колесников А. А.
Teanga:Rúisis
Foilsithe / Cruthaithe: 2006
Ábhair:
Formáid: Caibidil leabhair
KOHA link:https://koha.lib.tpu.ru/cgi-bin/koha/opac-detail.pl?biblionumber=122502

MARC

LEADER 00000naa2a2200000 4500
001 122502
005 20240112171225.0
035 |a (RuTPU)RU\TPU\book\132631 
090 |a 122502 
100 |a 20071004d2006 k y0rusy50 ca 
101 0 |a rus 
102 |a RU 
200 1 |a Особенности механизма высокотемпературного разрушения углепластиков в потоке плазмы  |f Г. В. Кузнецов [и др.] 
320 |a Библиогр.: 2 назв. 
463 0 |0 (RuTPU)RU\TPU\book\126512  |y 5-7511-2093-5  |t Фундаментальные и прикладные проблемы современной механики  |o материалы V Всероссийской научной конференции, Томск, 3-5 октября 2006 г.  |f Российский фонд фундаментальных исследований; Российская академия ракетных и артиллерийских наук; Томский государственный университет; Научно-исследовательский институт прикладной математики и механики при Томском университете  |v С. 120-121  |d 2006  |p 580 с. 
610 1 |a высокотемпературное разрушение 
610 1 |a углепластики 
610 1 |a плазма 
610 1 |a ракетная техника 
610 1 |a композиционные материалы 
610 1 |a угле-графитовые материалы 
610 1 |a труды учёных ТПУ 
701 1 |a Кузнецов  |b Г. В.  |c специалист в области теплоэнергетики  |c профессор Томского политехнического университета, доктор физико-математических наук  |f 1949-  |g Гений Владимирович  |3 (RuTPU)RU\TPU\pers\25528  |9 11458 
701 1 |a Немова  |b Т. Н. 
701 1 |a Притворов  |b Г. В. 
701 1 |a Колесников  |b А. А. 
801 1 |a RU  |b 63413507  |c 20071004  |g PSBO 
801 2 |a RU  |b 63413507  |c 20150311  |g PSBO 
942 |c BK